00430nam a2200157Ia 4500008004100000020001800041082001200059100003900071245002400110250000800134260004000142300003100182500001900213600002000232650002000252240925s9999 xx 000 0 und d a9781429278447 a382 FEE aFeenstra, Robert C.; Taylor, Alan 0aInternational Trade a3rd aNew York:bWorth Publishersc,2014. aVarious pagesb0fOriginal aIncludes Index aSocial Sciences aSocial Sciences